[Event "FICGS class F 000141 email"]
[Site "FICGS email"]
[Date "2013.12.02"]
[Round "1"]
[White "Mathakiya, Azaz"]
[Black "Melquiades, Jay"]
[Result "1-0"]
[WhiteElo "1068"]
[BlackElo "842"]
[PlyCount "37"]
[EventDate "2013.??.??"]
[EventType "tourn (corr)"]
[EventRounds "5"]
[SourceTitle "Corr 2022"]
[Source "ChessBase"]
[SourceDate "2021.10.24"]
[SourceVersion "1"]
[SourceVersionDate "2021.10.24"]
[SourceQuality "1"]

1. e4 e5 2. Nf3 a6 3. Nxe5 Qe7 4. d4 Nc6 5. Bf4 Nf6 6. Bd3 Nxd4 7. Nc3 d6 8. Nf3 Nxf3+ 9. Qxf3 Bg4 10. Qg3 0-0-0 11. e5 dxe5 12. Bxe5 h5 13. 0-0 Qb4 14. b3 Bd6 15. a3 Qb6 16. Rfe1 Bxe5 17. Rxe5 h4 18. Qf4 h3 19. Bf5+ 1-0

[Event "FICGS class F 000141 email"]
[Site "FICGS email"]
[Date "2013.12.02"]
[Round "1"]
[White "Melquiades, Jay"]
[Black "Cavaille, Cedric"]
[Result "0-1"]
[WhiteElo "842"]
[BlackElo "979"]
[PlyCount "42"]
[EventDate "2013.??.??"]
[EventType "tourn (corr)"]
[EventRounds "5"]
[SourceTitle "Corr 2022"]
[Source "ChessBase"]
[SourceDate "2021.10.24"]
[SourceVersion "1"]
[SourceVersionDate "2021.10.24"]
[SourceQuality "1"]

1. e4 e5 2. Nf3 Qe7 3. Nc3 Nf6 4. h4 Nc6 5. d4 exd4 6. Nxd4 Nxd4 7. Bd3 d5 8. Be3 dxe4 9. Bxe4 Nxe4 10. Qxd4 Nxc3 11. bxc3 Qe6 12. Qa4+ Bd7 13. Qf4 Bc5 14. 0-0 Bxe3 15. fxe3 Bc6 16. Rad1 Qg6 17. Qxf7+ Qxf7 18. Rxf7 Kxf7 19. Rf1+ Ke6 20. c4 Rhf8 21. Rf4 Rxf4 0-1

[Event "FICGS rapid E 000120 email"]
[Site "FICGS email"]
[Date "2013.12.01"]
[Round "1"]
[White "Melquiades, Jay"]
[Black "Kehayov, Yulian"]
[Result "1-0"]
[WhiteElo "842"]
[BlackElo "996"]
[PlyCount "49"]
[EventDate "2013.??.??"]
[EventType "tourn (rapid)"]
[EventRounds "6"]
[SourceTitle "Corr 2022"]
[Source "ChessBase"]
[SourceDate "2021.10.24"]
[SourceVersion "1"]
[SourceVersionDate "2021.10.24"]
[SourceQuality "1"]

1. e4 e5 2. Nf3 d5 3. Nxe5 Bd6 4. Nc3 Bxe5 5. Nxd5 Be6 6. d4 Bd6 7. Bf4 Bxf4 8. Nxf4 Bd7 9. Qf3 Nf6 10. 0-0-0 0-0 11. h4 h6 12. e5 Bg4 13. Qg3 Nc6 14. exf6 Qxf6 15. f3 Bf5 16. Bd3 Bxd3 17. Rxd3 Nxd4 18. Re1 Rfe8 19. Rxe8+ Rxe8 20. Qg4 Ne2+ 21. Nxe2 Rxe2 22. Qc8+ Kh7 23. g4 Qxh4 24. Qf5+ Kg8 25. Qc8+ 1-0

[Event "FICGS rapid E 000117 email"]
[Site "FICGS email"]
[Date "2013.10.26"]
[Round "1"]
[White "Melquiades, Jay"]
[Black "Giandomenico, Pierino"]
[Result "1-0"]
[WhiteElo "775"]
[BlackElo "840"]
[PlyCount "61"]
[EventDate "2013.??.??"]
[EventType "tourn (rapid)"]
[EventRounds "6"]
[SourceTitle "Corr 2022"]
[Source "ChessBase"]
[SourceDate "2021.10.24"]
[SourceVersion "1"]
[SourceVersionDate "2021.10.24"]
[SourceQuality "1"]

1. e4 e5 2. Nf3 Nf6 3. d3 Bd6 4. a3 0-0 5. Nc3 Nc6 6. Bg5 b6 7. Nd5 Bb4+ 8. Nxb4 Bb7 9. Nd5 Ba6 10. Nxe5 Nxe5 11. f4 Neg4 12. Nxf6+ gxf6 13. Bh4 Ne3 14. Qf3 Nxc2+ 15. Kf2 Nxa1 16. Be2 Nc2 17. Qg3+ Kh8 18. e5 fxe5 19. Bxd8 Rfxd8 20. h4 exf4 21. Qg5 Rg8 22. Qe5+ Rg7 23. Bh5 Bxd3 24. Qxc7 f6 25. Qxf4 a5 26. Qxf6 Nd4 27. Qxd4 Rf8+ 28. Ke3 Bf1 29. g4 Re8+ 30. Bxe8 h6 31. Rxf1 1-0

[Event "FICGS class F 000139 email"]
[Site "FICGS email"]
[Date "2013.10.21"]
[Round "1"]
[White "Melquiades, Jay"]
[Black "Marcel, Alexis"]
[Result "0-1"]
[WhiteElo "775"]
[BlackElo "1138"]
[PlyCount "60"]
[EventDate "2013.??.??"]
[EventType "tourn (corr)"]
[EventRounds "5"]
[SourceTitle "Corr 2022"]
[Source "ChessBase"]
[SourceDate "2021.10.24"]
[SourceVersion "1"]
[SourceVersionDate "2021.10.24"]
[SourceQuality "1"]

1. e4 g6 2. Nf3 Bg7 3. c3 c5 4. Bc4 Nc6 5. Ng5 e6 6. Nxf7 Kxf7 7. Qf3+ Nf6 8. d3 Ne5 9. Qh3 d5 10. exd5 exd5 11. Qg3 Nh5 12. Qe3 dxc4 13. dxc4 Re8 14. 0-0 Bf5 15. Nd2 Nxc4 16. Qf3 Nxd2 17. Bxd2 Qxd2 18. Rad1 Qe2 19. Qd5+ Qe6 20. Qxb7+ Qe7 21. Qd5+ Qe6 22. Qb7+ Qe7 23. Qd5+ Be6 24. Qf3+ Kg8 25. Rfe1 Qf6 26. Rd6 Qxf3 27. gxf3 Bh3 28. Red1 Nf4 29. a3 Re5 30. Rc6 Rae8 0-1

[Event "FICGS class F 000133 email"]
[Site "FICGS email"]
[Date "2013.07.22"]
[Round "1"]
[White "Dsouza, Stanislaus"]
[Black "Melquiades, Jay"]
[Result "0-1"]
[WhiteElo "1138"]
[BlackElo "853"]
[PlyCount "32"]
[EventDate "2013.??.??"]
[EventType "tourn (corr)"]
[EventRounds "5"]
[SourceTitle "Corr 2022"]
[Source "ChessBase"]
[SourceDate "2021.10.24"]
[SourceVersion "1"]
[SourceVersionDate "2021.10.24"]
[SourceQuality "1"]

1. e4 e5 2. Bc4 d5 3. Bb3 Nf6 4. d3 Bb4+ 5. Bd2 Bxd2+ 6. Qxd2 dxe4 7. dxe4 Be6 8. Bxe6 fxe6 9. Qxd8+ Kxd8 10. Nc3 c6 11. 0-0-0+ Nbd7 12. Nf3 Ke7 13. Rhe1 h5 14. a3 b5 15. Rd3 Ng4 16. Rd2 Nc5 0-1

[Event "FICGS rapid E 000108 email"]
[Site "FICGS email"]
[Date "2013.07.14"]
[Round "1"]
[White "Melquiades, Jay"]
[Black "Belaz, Egidio"]
[Result "0-1"]
[WhiteElo "853"]
[BlackElo "1184"]
[PlyCount "46"]
[EventDate "2013.??.??"]
[EventType "tourn (rapid)"]
[EventRounds "6"]
[SourceTitle "Corr 2022"]
[Source "ChessBase"]
[SourceDate "2021.10.24"]
[SourceVersion "1"]
[SourceVersionDate "2021.10.24"]
[SourceQuality "1"]

1. e4 e5 2. Nf3 Nc6 3. c3 Nf6 4. h3 Nxe4 5. d3 Nf6 6. Bg5 Be7 7. Nbd2 Nd5 8. Bxe7 Ndxe7 9. Ne4 d6 10. d4 exd4 11. Nxd4 Nxd4 12. Qxd4 0-0 13. Bd3 Nc6 14. Qe3 Re8 15. Nf6+ gxf6 16. Be4 f5 17. 0-0-0 Rxe4 18. Qf3 Ne5 19. g4 Nxf3 20. gxf5 Qg5+ 21. Kb1 Bxf5 22. a3 Re1+ 23. Ka2 Rxh1 0-1

[Event "FICGS class F 000129 email"]
[Site "FICGS email"]
[Date "2013.05.17"]
[Round "1"]
[White "Dsouza, Stanislaus"]
[Black "Melquiades, Jay"]
[Result "1-0"]
[WhiteElo "1160"]
[BlackElo "849"]
[PlyCount "85"]
[EventDate "2013.??.??"]
[EventType "tourn (corr)"]
[EventRounds "5"]
[SourceTitle "Corr 2022"]
[Source "ChessBase"]
[SourceDate "2021.10.24"]
[SourceVersion "1"]
[SourceVersionDate "2021.10.24"]
[SourceQuality "1"]

1. d4 d5 2. Nf3 Bg4 3. Ne5 Be6 4. e3 a6 5. Bd3 f6 6. Nf3 g6 7. 0-0 Bf5 8. Bxf5 gxf5 9. Qd3 e5 10. dxe5 fxe5 11. Nxe5 Nf6 12. Nc3 Bd6 13. f4 Bc5 14. Qxf5 Nbd7 15. Nxd7 Nxd7 16. Nxd5 Nf6 17. Nxf6+ Kf7 18. Ne4+ Ke8 19. Nf6+ Kf8 20. Nd7+ Ke8 21. Nxc5 Rf8 22. Qxh7 Rf7 23. Qg8+ Rf8 24. Qe6+ Qe7 25. Qxe7+ Kxe7 26. Nxb7 Rf5 27. Bd2 Rh8 28. Bc3 Rh6 29. Rf3 Rfh5 30. h3 Rg6 31. Be5 Rh7 32. Nc5 Rg8 33. Bxc7 Kf6 34. Be5+ Ke7 35. e4 a5 36. Rd1 Rc8 37. Bd4 Kf8 38. Ne6+ Ke8 39. c3 Re7 40. f5 a4 41. b3 Rd7 42. Rg3 Rxc3 43. Rxc3 1-0

[Event "FICGS rapid E 000104 email"]
[Site "FICGS email"]
[Date "2013.05.14"]
[Round "1"]
[White "Leurette, Marc Antoine"]
[Black "Melquiades, Jay"]
[Result "1-0"]
[WhiteElo "1178"]
[BlackElo "849"]
[PlyCount "75"]
[EventDate "2013.??.??"]
[EventType "tourn (rapid)"]
[EventRounds "6"]
[SourceTitle "Corr 2022"]
[Source "ChessBase"]
[SourceDate "2021.10.24"]
[SourceVersion "1"]
[SourceVersionDate "2021.10.24"]
[SourceQuality "1"]

1. e4 e5 2. Nf3 d6 3. h3 Nd7 4. d4 h6 5. dxe5 Nxe5 6. Nc3 a6 7. Bf4 Nxf3+ 8. gxf3 Nf6 9. e5 dxe5 10. Qxd8+ Kxd8 11. 0-0-0+ Bd7 12. Bxe5 Bd6 13. Bxf6+ gxf6 14. Nd5 Be7 15. f4 Bd6 16. Nxf6 Bf5 17. Bd3 Bxd3 18. Rxd3 h5 19. Ne4 Re8 20. Nxd6 cxd6 21. Rxd6+ Kc7 22. Rhd1 Rad8 23. Rxd8 Rxd8 24. Rxd8 Kxd8 25. Kd2 f5 26. b4 b5 27. Kd3 Kc7 28. c4 Kc6 29. h4 Kb6 30. a3 a5 31. Kc3 axb4+ 32. Kxb4 bxc4 33. Kxc4 Kc6 34. Kb4 Kd5 35. a4 Ke4 36. a5 Kxf4 37. a6 Kg4 38. a7 1-0

[Event "FICGS rapid E 000104 email"]
[Site "FICGS email"]
[Date "2013.05.14"]
[Round "1"]
[White "Melquiades, Jay"]
[Black "Bromo, Alexis"]
[Result "0-1"]
[WhiteElo "849"]
[BlackElo "1140"]
[PlyCount "56"]
[EventDate "2013.??.??"]
[EventType "tourn (rapid)"]
[EventRounds "6"]
[SourceTitle "Corr 2022"]
[Source "ChessBase"]
[SourceDate "2021.10.24"]
[SourceVersion "1"]
[SourceVersionDate "2021.10.24"]
[SourceQuality "1"]

1. e4 e5 2. Nf3 Nc6 3. c3 Nf6 4. d3 Bc5 5. Be3 Bxe3 6. fxe3 d5 7. Nbd2 Bg4 8. h3 Bxf3 9. Qxf3 dxe4 10. Nxe4 Nxe4 11. dxe4 a6 12. Bc4 Qe7 13. 0-0-0 Na5 14. b3 Nxc4 15. bxc4 Qa3+ 16. Kc2 Qxa2+ 17. Kc1 Qxc4 18. Rd2 Qxc3+ 19. Kd1 Qa1+ 20. Ke2 Qxh1 21. Qf5 Qxg2+ 22. Kd1 Qg1+ 23. Kc2 0-0 24. Qxe5 Qxe3 25. Rd7 Rfe8 26. Qf5 Qxe4+ 27. Qxe4 Rxe4 28. Rxc7 b5 0-1

[Event "FICGS rapid E 000104 email"]
[Site "FICGS email"]
[Date "2013.05.14"]
[Round "1"]
[White "Melquiades, Jay"]
[Black "Dsouza, Stanislaus"]
[Result "0-1"]
[WhiteElo "849"]
[BlackElo "1160"]
[PlyCount "80"]
[EventDate "2013.??.??"]
[EventType "tourn (rapid)"]
[EventRounds "6"]
[SourceTitle "Corr 2022"]
[Source "ChessBase"]
[SourceDate "2021.10.24"]
[SourceVersion "1"]
[SourceVersionDate "2021.10.24"]
[SourceQuality "1"]

1. e4 e5 2. Nf3 d6 3. Nc3 Be6 4. d4 Nd7 5. d5 Bg4 6. h3 Bh5 7. g4 Bg6 8. Bg5 Be7 9. Bxe7 Qxe7 10. Qd2 Ngf6 11. Ng5 h6 12. Nf3 Nc5 13. Bb5+ Nfd7 14. a4 a6 15. 0-0-0 axb5 16. b3 bxa4 17. bxa4 Nxa4 18. Nb5 0-0 19. Na3 Nac5 20. Nc4 Nxe4 21. Qe3 Ra1+ 22. Kb2 Rxd1 23. Rxd1 Ndc5 24. Nfd2 Nxd2 25. Rxd2 Ra8 26. f4 f6 27. fxe5 fxe5 28. Na3 Na4+ 29. Kb3 c6 30. g5 h5 31. h4 b5 32. Rf2 Nc5+ 33. Kb2 Qa7 34. Kb1 b4 35. dxc6 Qxa3 36. Qxa3 Rxa3 37. c7 Ra8 38. Kc1 Rc8 39. c4 Rxc7 40. Kb2 Nd3+ 0-1

[Event "FICGS class F 000128 email"]
[Site "FICGS email"]
[Date "2013.04.13"]
[Round "1"]
[White "Dotti Contra, Alessandro"]
[Black "Melquiades, Jay"]
[Result "1-0"]
[WhiteElo "1105"]
[BlackElo "982"]
[PlyCount "49"]
[EventDate "2013.??.??"]
[EventType "tourn (corr)"]
[EventRounds "5"]
[SourceTitle "Corr 2022"]
[Source "ChessBase"]
[SourceDate "2021.10.24"]
[SourceVersion "1"]
[SourceVersionDate "2021.10.24"]
[SourceQuality "1"]

1. e4 e5 2. Nf3 d6 3. Bc4 Be6 4. Bxe6 fxe6 5. 0-0 Nc6 6. Nc3 a6 7. d4 exd4 8. Nxd4 Ne5 9. Bf4 Qd7 10. Bxe5 dxe5 11. Nf3 h6 12. Qxd7+ Kxd7 13. Nxe5+ Kc8 14. Ng6 Rh7 15. Nxf8 Rh8 16. Nxe6 Nf6 17. Rad1 b6 18. Rd8+ Rxd8 19. Nxd8 Kxd8 20. Re1 Kc8 21. Nd5 Nxd5 22. exd5 Kb7 23. Re7 Rf8 24. d6 Kc6 25. d7 1-0

[Event "FICGS rapid E 000102 email"]
[Site "FICGS email"]
[Date "2013.04.13"]
[Round "1"]
[White "Stoyanov, Zdravko"]
[Black "Melquiades, Jay"]
[Result "1-0"]
[WhiteElo "1282"]
[BlackElo "982"]
[PlyCount "85"]
[EventDate "2013.??.??"]
[EventType "tourn (rapid)"]
[EventRounds "6"]
[SourceTitle "Corr 2022"]
[Source "ChessBase"]
[SourceDate "2021.10.24"]
[SourceVersion "1"]
[SourceVersionDate "2021.10.24"]
[SourceQuality "1"]

1. e4 e5 2. Nf3 d6 3. h3 a6 4. a3 Nc6 5. d3 h6 6. Be2 Nd4 7. Nxd4 exd4 8. 0-0 Nf6 9. Re1 Bxh3 10. gxh3 g5 11. Nd2 g4 12. Bxg4 h5 13. Bf5 Rg8+ 14. Kh2 Ng4+ 15. hxg4 Qh4+ 16. Kg2 d5 17. exd5+ Kd8 18. Rh1 Qg5 19. Nf3 Qxf5 20. Nxd4 Qe5 21. Be3 hxg4 22. Qd2 Qxd5+ 23. Kg1 g3 24. f4 g2 25. Rh2 Be7 26. Rxg2 Rxg2+ 27. Qxg2 Qxg2+ 28. Kxg2 Kd7 29. Rh1 Rg8+ 30. Kf3 c5 31. Nf5 Bf6 32. c3 b5 33. Bxc5 a5 34. Rh7 Ke6 35. Ke4 Re8 36. Nd6 Rd8 37. Nxf7 Rd5 38. Bd4 Bxd4 39. Ng5+ Kd6 40. Rh6+ Kc5 41. Ne6+ Kd6 42. Nxd4+ Kc5 43. Rc6# 1-0

[Event "FICGS rapid E 000099 email"]
[Site "FICGS email"]
[Date "2013.03.09"]
[Round "1"]
[White "Goti, Javier"]
[Black "Melquiades, Jay"]
[Result "1-0"]
[WhiteElo "1287"]
[BlackElo "982"]
[PlyCount "65"]
[EventDate "2013.??.??"]
[EventType "tourn (rapid)"]
[EventRounds "6"]
[SourceTitle "Corr 2022"]
[Source "ChessBase"]
[SourceDate "2021.10.24"]
[SourceVersion "1"]
[SourceVersionDate "2021.10.24"]
[SourceQuality "1"]

1. c4 e5 2. Nc3 c6 3. e3 d5 4. cxd5 cxd5 5. g3 a6 6. Bg2 Nf6 7. Nge2 d4 8. exd4 exd4 9. Qa4+ Bd7 10. Qxd4 Nc6 11. Qe3+ Be7 12. 0-0 Ng4 13. Qe4 h5 14. Nd5 h4 15. h3 Nh2 16. Kxh2 Bxh3 17. Bxh3 hxg3+ 18. fxg3 Qd7 19. Nef4 0-0-0 20. Nb6+ Kb8 21. Nxd7+ Rxd7 22. Kg2 Rdd8 23. Nd5 Rhe8 24. Nxe7 Rxe7 25. Qf4+ Re5 26. Qxf7 Ka7 27. Qxg7 Re2+ 28. Kg1 Ne5 29. Bg2 Rd7 30. Qf8 Ng4 31. Bh3 Rh7 32. Bxg4 Reh2 33. Bf3 1-0

[Event "FICGS class F 000125 email"]
[Site "FICGS email"]
[Date "2013.03.01"]
[Round "1"]
[White "Melquiades, Jay"]
[Black "Vesely, Tomas"]
[Result "0-1"]
[WhiteElo "984"]
[BlackElo "1098"]
[PlyCount "66"]
[EventDate "2013.??.??"]
[EventType "tourn (corr)"]
[EventRounds "5"]
[SourceTitle "Corr 2022"]
[Source "ChessBase"]
[SourceDate "2021.10.24"]
[SourceVersion "1"]
[SourceVersionDate "2021.10.24"]
[SourceQuality "1"]

1. e4 e5 2. Nf3 Nf6 3. a3 Nc6 4. c3 d5 5. Bb5 Qd6 6. d3 dxe4 7. dxe4 Qxd1+ 8. Kxd1 Bd7 9. Bg5 Nxe4 10. Be3 0-0-0 11. Nbd2 Bf5 12. Nxe5 Nxe5 13. Ke2 Nxd2 14. Rad1 Ndc4 15. Bxc4 Nxc4 16. Rxd8+ Kxd8 17. Rd1+ Kc8 18. Bxa7 Nxb2 19. Rd2 Bxa3 20. Rd5 Be6 21. Ra5 Nc4 22. Ra4 Bd6 23. Bd4 Kd7 24. Ra7 Be5 25. Bxe5 Nxe5 26. Rxb7 Bc4+ 27. Kd2 Re8 28. Rb4 Ra8 29. f4 Ra2+ 30. Ke3 Re2+ 31. Kd4 Nc6+ 32. Kxc4 Nxb4 33. Kxb4 Rxg2 0-1

[Event "FICGS class F 000125 email"]
[Site "FICGS email"]
[Date "2013.03.01"]
[Round "1"]
[White "Neil, Charles"]
[Black "Melquiades, Jay"]
[Result "1-0"]
[WhiteElo "1135"]
[BlackElo "984"]
[PlyCount "51"]
[EventDate "2013.??.??"]
[EventType "tourn (corr)"]
[EventRounds "5"]
[SourceTitle "Corr 2022"]
[Source "ChessBase"]
[SourceDate "2021.10.24"]
[SourceVersion "1"]
[SourceVersionDate "2021.10.24"]
[SourceQuality "1"]

1. c4 d5 2. Nf3 f6 3. Nc3 e6 4. d4 a6 5. cxd5 exd5 6. Bf4 Bb4 7. e3 Nc6 8. Bd3 a5 9. 0-0 Bg4 10. h3 Nge7 11. hxg4 h5 12. gxh5 Rxh5 13. Ne5 Nxe5 14. Qxh5+ Kd7 15. dxe5 fxe5 16. Qxe5 Bd6 17. Bf5+ Ke8 18. Qxg7 Nxf5 19. Qg6+ Kd7 20. Qxf5+ Kc6 21. Qxd5+ Kd7 22. Rfd1 Qh4 23. Qf7+ Kc6 24. Rac1 Rh8 25. Na4+ Kb5 26. Qc4# 1-0

[Event "FICGS class F 000120 email"]
[Site "FICGS email"]
[Date "2012.12.26"]
[Round "1"]
[White "Melquiades, Jay"]
[Black "Percy, Dale"]
[Result "1-0"]
[WhiteElo "962"]
[BlackElo "702"]
[PlyCount "39"]
[EventDate "2012.??.??"]
[EventType "tourn (corr)"]
[EventRounds "5"]
[SourceTitle "Corr 2022"]
[Source "ChessBase"]
[SourceDate "2021.10.24"]
[SourceVersion "1"]
[SourceVersionDate "2021.10.24"]
[SourceQuality "1"]

1. e4 e6 2. Nf3 g6 3. a3 Nf6 4. e5 Ne4 5. d3 Nc5 6. Bg5 Be7 7. h4 d6 8. Bxe7 Qxe7 9. Nc3 0-0 10. d4 Ncd7 11. h5 Nc6 12. Bb5 d5 13. Nh4 g5 14. Nf3 Nb6 15. h6 Na5 16. Rh5 Kh8 17. Rxg5 c6 18. Bd3 f6 19. Rg7 Qe8 20. Bxh7 1-0

[Event "FICGS W-ch st1 g06 email"]
[Site "FICGS email"]
[Date "2012.12.01"]
[Round "1"]
[White "Melquiades, Jay"]
[Black "Wolf, Bernd"]
[Result "0-1"]
[WhiteElo "962"]
[BlackElo "2113"]
[PlyCount "60"]
[EventDate "2012.??.??"]
[EventType "tourn (corr)"]
[EventRounds "8"]
[SourceTitle "Corr 2022"]
[Source "ChessBase"]
[SourceDate "2021.10.24"]
[SourceVersion "1"]
[SourceVersionDate "2021.10.24"]
[SourceQuality "1"]

1. e4 c5 2. Nf3 d6 3. Nc3 Nf6 4. d4 cxd4 5. Nxd4 a6 6. Bg5 e6 7. e5 dxe5 8. Nf3 Qxd1+ 9. Nxd1 Nc6 10. c3 h6 11. Bh4 Ne4 12. Bd3 Nc5 13. Bc2 f5 14. Ne3 g5 15. Bg3 f4 16. Nc4 b5 17. Ncxe5 Nxe5 18. 0-0-0 Nxf3 19. gxf3 Bb7 20. b4 fxg3 21. fxg3 Bxf3 22. Rhf1 Bxd1 23. Rxd1 Na4 24. Bg6+ Ke7 25. Rf1 Nxc3 26. Rf7+ Kd6 27. Rb7 Nxa2+ 28. Kb2 Nxb4 29. Be4 Ke5 30. Rxb5+ Kxe4 0-1